Parliament its History Constitution and practice / (Record no. 82454)

MARC details
000 -LEADER
campo de control de longitud fija 00478nam a2200169 i 4500
001 - NÚMERO DE CONTROL
campo de control 82454
003 - IDENTIFICADOR DE NÚMERO DE CONTROL
campo de control ES-MaACL
005 - FECHA Y HORA DE LA ÚLTIMA TRANSACCIÓN
campo de control 20230906174656.0
007 - CAMPO FIJO DE DESCRIPCIÓN FÍSICA--INFORMACIÓN GENERAL
campo de control de longitud fija t|
008 - DATOS DE LONGITUD FIJA--INFORMACIÓN GENERAL
campo de control de longitud fija 041110q1911 xxk ||||1| eng d
100 1# - ENTRADA PRINCIPAL--NOMBRE DE PERSONA
Nombre de persona Ilbert, Courtenay.
9 (RLIN) 65168
245 10 - MENCIÓN DEL TÍTULO
Título Parliament its History Constitution and practice /
Mención de responsabilidad, etc. Courtenay Ilbert.
250 ## - MENCION DE EDICION
Mención de edición New and rev. ed.
260 ## - PUBLICACIÓN, DISTRIBUCIÓN, ETC.
Lugar de publicación, distribución, etc. London :
Nombre del editor, distribuidor, etc. William and Norgate,
Fecha de publicación, distribución, etc. [1911?]
300 ## - DESCRIPCIÓN FÍSICA
Extensión 256 p. ;
Dimensiones 17 cm.
852 ## - LOCALIZACIÓN
Ubicación ES-MaACL
Número de control de estantería C-3071
Holdings
Estatus retirado Estado de pérdida Estado de daño No para préstamo Biblioteca de origen Biblioteca actual Ubicación en estantería Fecha de adquisición Fuente de adquisición Total de préstamos Signatura topográfica completa Código de barras Visto por última vez Precio de reemplazo Tipo de ítem Koha
        Biblioteca del Ateneo de Madrid Biblioteca del Ateneo de Madrid Sala Palomar 17/01/2008     C-3071 1086171 23/02/2023 23/02/2023 Libro impreso